00579 a2200157 4500010001400000020002300014035001300037037001800050082001200068100001200080245009600092260005900188300004800247500005400295500007200349 aENG-85460 a8188643165c250.00 aEN-68993 bD.B.Act / Pub a907.2020 aHui-Li.14aThe life of hsuan-tsang,cHui-li and Yen-ts'ung; translated from the Chinese by Li Yung-hsi aNew Delhi, Akshaya PrakashanbAkshaya Prakashan,c2005 aiv, 273 p.billus., fold. map.c19 cm. (Hb) aTransation of: Da ci en si san zang fa shi zhuan. a"Translated under the auspices of the San Shih Buddhist Institute."